Mineral enterprise in China : by William F. Collins.

Bibliographic Details
Main Author: Collins, William Frederick
Format: Book
Language:English
Published: London : W. Heinemann, [1918]
Subjects:

MARC

Tag First Indicator Second Indicator Subfields
LEADER 00000cam a2200000 4500
001 in00000040779
005 20151007064647.0
008 790319s1918 enk 00000 eng
010 |a  19000106  
035 |a (OCoLC)04755645 
035 |9 AAE0335AM 
040 |a DLC  |c CLE  |d TXA  |d UtOrBLW 
049 |a TXAM  |c [181855] 
050 0 |a TN101  |b .C6 
092 |a 338.2  |b C713m 
100 1 |a Collins, William Frederick. 
245 1 0 |a Mineral enterprise in China :  |b by William F. Collins. 
264 1 |a London :  |b W. Heinemann,  |c [1918] 
300 |a xi, 1 unnumbered page, 308 pages :  |b maps (part folded) ;  |c 22 cm. 
336 |a text  |b txt  |2 rdacontent 
337 |a unmediated  |b n  |2 rdamedia 
338 |a volume  |b nc  |2 rdacarrier 
650 0 |a Mines and mineral resources  |z China. 
999 |a MARS 
999 f f |s 1a69c17e-a546-351f-b4da-50c00e453910  |i bec84139-7c8b-336f-afcf-9994ae560799  |t 0 
952 f f |p ric  |a Texas A&M University  |b Rellis Campus  |c Joint Library Facility  |d Remote Storage  |t 0  |e TN101 .C6  |h Library of Congress classification  |i unmediated -- volume  |m A14800761865 
998 f f |a TN101 .C6  |t 0  |l Remote Storage